000 00711nam a2200289Ia 4500
005 20260324125645.0
008 008 260324s9999 xx 000 0 eng d
020 _a9780203892312
037 _aEBOOK
040 _aCRL
040 _beng
040 _cCRL
041 _2eng
041 _aeng
084 _qCRL
100 _aLuca Anceschi
_91178811
245 0 _aTurkmenistan's Foreign Policy
245 0 _bPositive Neutrality and the consolidation of the Turkmen Regime
260 _bTaylor and Francis
260 _c2008
365 _a
365 _b290
856 _uhttp://www.taylorfrancis.com/books/9780203892312
942 _cEBOOK
999 _c1774282
_d1774282